000 00367nam a22001577a 4500
003 SGT
020 _a9788193381991
082 _a617.6342
_bD18P
100 _aPRIYA, SWATI
245 _aDental Caries
250 _a1ST
260 _aNEW DELHI
_bIP Innovative Publication Pvt. Ltd
_c2018
300 _a1-74
650 _aCONSERVATIVE DENTISTRY
942 _2ddc
_cBK
999 _c20172
_d20172